| 000 | 00383nam a2200133Ia 4500 | ||
|---|---|---|---|
| 008 | 211109s9999||||xx |||||||||||||| ||und|| | ||
| 082 |
_a547 _bYOU-C |
||
| 100 | _aBaum, Stuart J | ||
| 245 | 0 | _aIntroduction to Organic and Biological Chemistry | |
| 260 |
_bMcmillan Company _aNew York _c1978 |
||
| 630 | _xGeneral stack | ||
| 650 |
_aScience _vOrganic chemistryChemistry |
||
| 942 | _cBOOK | ||
| 999 |
_c80580 _d80580 |
||